000 00474nam a2200181Ia 4500
005 20250326142352.0
008 250326s9999 xx 000 0 und d
037 _aTextbook
040 _aFMSL
_beng
_cFMSL
041 _aeng
_2eng
084 _qFMSL
100 _aRolstadas A
_9745962
245 0 _aBench marketing theory and practies
_cRolstadas A
260 _aLondon
_bLondon, Chapman & Hall
_c1995
300 _a406p
942 _cTB
999 _c1294694
_d1294694